000 00852nam a22002657i 4500
001 18035
003 ES-MaACL
005 20240209181028.0
007 t|
008 010730s2000 sp ||||0| spa j
016 7 _zIBH8505924043
020 _a84-7090-139-7
040 _aM-BN-DP
_bspa
_cM-BN-DP
080 _a78(03)
100 1 _aPérez Gutiérrez, Mariano.
_990928
245 1 0 _aDiccionario de la música y los músicos /
_cMariano Pérez.
260 _aMadrid :
_bIstmo,
_c[2000]
300 _a3 v. ;
_c18 cm.
490 1 _aColección Fundamentos ;
_v87-89
505 8 _aContiene: 1. A-E (XVII, 400 p.) -- 2. F-O (411 p.) -- 3. P-Z (397 p.)
650 1 4 _aMúsica-
_vDiccionarios.
_915382
830 0 0 _aFundamentos (Ediciones Istmo)
_v87-89
_9121682
852 _aES-MaACL
_jL-24747-49
_bR.130142
999 _c18035
_d18035